| 000 | nam a22 7a 4500 | ||
|---|---|---|---|
| 999 |
_c331090 _d331090 |
||
| 003 | NUST | ||
| 005 | 20170911131123.0 | ||
| 008 | 170911b xxu||||| |||| 00| 0 eng d | ||
| 040 | _cNUST | ||
| 082 |
_a923.2 _bBIZ |
||
| 100 |
_aTahir Bizenjo _94534 |
||
| 245 |
_aBabaye Balochistan / _cby Tahir Bizenjo |
||
| 260 |
_aQuetta: _bSales and Services, _c2011 |
||
| 300 | _a204 p. | ||
| 650 |
_aBiography _9461 |
||
| 880 |
_6100-01\(3\r _aطاہر بزنجو |
||
| 880 |
_6245-02\(3\r _aبابائے بلوچستان _cطاہر بزنجو |
||
| 880 |
_6260-03\(3\r _aکوئٹہ: _bسیلز اینڈ سروسز، _c2011 |
||
| 942 |
_2ddc _cBK |
||